00690nam a2200217Ia 4500003000900000008004100009020001800050040001600068080001600084100002800100245005600128260004600184300001700230650004100247650001500288650001700303700003700320942000700357999001500364952009300379IN-BaIIA211028s9999 xx 000 0 eng d a0-8615-1063-6 cIIA Library a523.68bMET aKerridge, John F916006 0aMeteorites and the solar systemc John F. Kerridge  aTucsonbUniversity of Arizona Pressc1988 axvii, 1269p. aAstronomy and astrophysics thesaurus aMeteorites aSolar system aMatthews, Mildred Shapley915188 cBK c9504d9504 00104070aBANbBANcGENd0000-00-00l0o523.68/ METp10414r2021-11-05w0000-00-00yBK